Las atrocidades en Armenia (Record no. 146468)

MARC details
000 -LEADER
campo de control de longitud fija 00671nam a2200193 i 4500
001 - NÚMERO DE CONTROL
campo de control 146468
003 - IDENTIFICADOR DE NÚMERO DE CONTROL
campo de control ES-MaACL
005 - FECHA Y HORA DE LA ÚLTIMA TRANSACCIÓN
campo de control 20250710202624.0
007 - CAMPO FIJO DE DESCRIPCIÓN FÍSICA--INFORMACIÓN GENERAL
campo de control de longitud fija t|
008 - DATOS DE LONGITUD FIJA--INFORMACIÓN GENERAL
campo de control de longitud fija 070911s1915 fr ||||1| spa d
100 1# - ENTRADA PRINCIPAL--NOMBRE DE PERSONA
Nombre de persona Toynbee, Arnold Joseph.
9 (RLIN) 111194
245 14 - MENCIÓN DEL TÍTULO
Título Las atrocidades en Armenia
Resto del título : el exterminio de una nación /
Mención de responsabilidad, etc. por Arnold Joseph Toynbee ; precedido de un discurso pronunciado por Lord Bryce en la Cámara de los Lores.
260 ## - PUBLICACIÓN, DISTRIBUCIÓN, ETC.
Lugar de publicación, distribución, etc. París :
Nombre del editor, distribuidor, etc. Thomas Nelson,
Fecha de publicación, distribución, etc. [1915?]
300 ## - DESCRIPCIÓN FÍSICA
Extensión 201 p. ;
Dimensiones 19 cm.
650 #4 - PUNTO DE ACCESO ADICIONAL DE MATERIA--TÉRMINO DE MATERIA
Término de materia o nombre geográfico como elemento de entrada Cuestión armenia.
9 (RLIN) 148452
700 1# - ENTRADA AGREGADA--NOMBRE PERSONAL
Nombre de persona Bryce, James,
Fechas asociadas al nombre 1838-1922
9 (RLIN) 32253
852 ## - LOCALIZACIÓN
Ubicación ES-MaACL
Número de control de estantería G-1983
Holdings
Estatus retirado Estado de pérdida Estado de daño No para préstamo Biblioteca de origen Biblioteca actual Ubicación en estantería Fecha de adquisición Fuente de adquisición Total de préstamos Signatura topográfica completa Código de barras Visto por última vez Precio de reemplazo Tipo de ítem Koha
        Biblioteca del Ateneo de Madrid Biblioteca del Ateneo de Madrid Depósito 2 17/01/2008     G-1983 1152873 23/02/2023 23/02/2023 Libro impreso